00599nam a2200169 a 450000500170000000800410001702000180005805000300007610000190010624500640012526000300018930000100021944000330022965000280026299900190029095201200030920140412111326.0110128s19uu xx 00 eng d a0-8039-5614-2 aTR(GS 370.19'6bT435 1994 aRoberts, Helen aTeaching from a multicultural perspective /cHelen Roberts. aU.S.A :bSgae pub,c1994. a113p. aSurvival skills for scholars aMulticultural Education c104681d104681 001040aELbELcTRd2011-01-28eLib. Fundl0oTR(GS 370.19'6 T435 1994pE8449r2014-04-12 00:00:00w2014-04-12yBK